[Event "Doeberl Cup Minor 47th"]
[Site "Canberra"]
[Date "2009.04.11"]
[Round "3"]
[White "Rostov, Gregory"]
[Black "Willis, Lo"]
[Result "1/2-1/2"]
[WhiteElo "737"]
[BlackElo "1051"]
[PlyCount "144"]
[EventDate "2009.04.10"]
[EventType "swiss"]
[EventRounds "6"]
[EventCountry "AUS"]
[SourceTitle "CBM 129 Extra"]
[Source "ChessBase"]
[SourceDate "2009.05.05"]
[SourceVersion "2"]
[SourceVersionDate "2009.05.20"]
[SourceQuality "1"]

1. e4 c5 2. Nc3 Nc6 3. Bc4 g6 4. Nf3 Bg7 5. d3 Nf6 6. Be3 d6 7. d4 cxd4 8. Nxd4 Ng4 9. Nxc6 bxc6 10. Qd2 Nxe3 11. Qxe3 0-0 12. 0-0 Qa5 13. Rab1 Qb4 14. Bb3 Ba6 15. Rfd1 Bc8 16. a3 Qa5 17. Ne2 Bd7 18. Qd2 Qe5 19. Qd4 Qh5 20. Ng3 Qa5 21. Qd2 Qc7 22. h3 Be6 23. Bxe6 fxe6 24. c3 Qb6 25. Re1 Be5 26. Qe3 Qb5 27. Ne2 c5 28. f4 Bg7 29. Ng3 Bh6 30. Rf1 e5 31. Ne2 exf4 32. Nxf4 e5 33. Qe2 Qc6 34. Nd5 Qb7 35. Qg4 Kh8 36. Qh4 Bg7 37. Qe7 Qxe7 38. Nxe7 Rf4 39. Rbd1 Raf8 40. Nd5 Rxf1+ 41. Rxf1 Rxf1+ 42. Kxf1 Bh6 43. b4 Kg7 44. Ke2 Kf7 45. Kd3 Bc1 46. a4 Ba3 47. Kc4 cxb4 48. cxb4 Bb2 49. b5 Ke6 50. a5 Kd7 51. Nf6+ Ke7 52. b6 axb6 53. a6 b5+ 54. Kxb5 Bd4 55. Nd5+ Kd7 56. Nb4 Kc7 57. Kc4 Bc5 58. Kb5 Kb8 59. Nd3 Bd4 60. Kc6 Ka7 61. Kxd6 Kxa6 62. Nxe5 Kb6 63. Nd7+ Kb7 64. e5 Kc8 65. e6 Kd8 66. Ne5 Bc3 67. e7+ Ke8 68. Nd3 Bf6 69. Nf4 Bxe7+ 70. Ke6 Bb4 71. g4 Kf8 72. Ke5 Kg7 1/2-1/2